Movie Pictures Starting with K - Statistics

General Stats
  • This quiz has been taken 98 times
  • The average score is 7 of 16
Answer Stats
Picture Answer % Correct
King Kong
98%
The Karate Kid
95%
Kill Bill
89%
Knives Out
72%
Kingsman
59%
Kindergarten Cop
55%
The Kings Speech
55%
Kick Ass
51%
The Kissing Booth
38%
Kangaroo Jack
32%
Kraven the Hunter
24%
The Kid
22%
K-12
21%
Killer Klowns from Outer Space
12%
Kung Fu Hustle
12%
The Kid Who Would Be King
5%
No matching quizzes found
Score Distribution
Percent of People with Each Score
Percentile by Number Answered
Your Score History
You have not taken this quiz